Les villages de la Ligue des Champions ! - Statistiques

Statistiques générales
  • Ce quiz a été pris 555 fois
    208 depuis la dernière actualisation
  • Le résultat moyen est 7 sur 24
Statistiques - réponses
Pays Participations Club Population % Correct
France 3 RC Lens 31 000
73%
France* 11 AS Monaco 39 000
71%
France 3 AJ Auxerre 34 000
67%
Norvège 1 Bodø/Glimt 52 000
53%
Allemagne 1 Hoffenheim 3 000
47%
Chypre 1 Paphos FC 33 000
39%
Belgique 3 KRC Genk 66 000
34%
Slovénie 3 Maribor 97 000
33%
Espagne 5 Villarreal 51 000
32%
Bulgarie 2 Ludogorets Razgrad 35 000
30%
Suisse 1 FC Thoune 43 000
25%
Chypre 1 Anorthosis Famagouste 43 000
21%
Norvège 1 Molde FK 27 000
21%
Danemark 1 Brøndby 35 000
19%
Danemark 1 FC Midtjylland 89 000
18%
Slovaquie 1 MSK Zilina 81 000
17%
Italie 1 Udinese Calcio 99 000
16%
Danemark 1 FC Nordsjælland 19 000
14%
Belgique 1 Lierse SK 36 000
14%
Suède 1 AIK Solna 83 000
13%
Pays-Bas 1 sc Heerenveen 43 000
11%
Allemagne 1 FC Kaiserslautern 100 000
10%
Roumanie 1 Unirea Urziceni 15 000
10%
Suède 1 Helsingborgs 97 000
6%
Aucun quiz correspondant
Distribution des résultats
% des personnes avec chaque résultat
Percentile par nombre de réponses
Votre historique - résultats
Vous n’avez pas pris ce quiz depuis la dernière actualisation